Fauna de los bosques de las cuencas de los ríos Planas y Tillavá, Puerto Gaitán, Meta, Colombia (Registro nro. 38658)
[ vista simple ]
| 000 -CABECERA | |
|---|---|
| Longitud fija campo de control | 00755nam a2200217Ii 4500 |
| 003 - IDENTIFICADOR DEL NUMERO DE CONTROL | |
| Identificador del número de control | CO-ViMGA |
| 008 - CODIGOS DE INFORMACION DE LONGITUD FIJA | |
| Códigos de información de longitud fija | 241108s9999||||xx |||||||||||||| ||und|| |
| 020 ## - NUMERO INTERNACIONAL NORMALIZADO PARA LIBROS | |
| Número Internacional Normalizado para Libros (ISBN) | 9789585935112 |
| 040 ## - FUENTE DE LA CATALOGACION | |
| Centro catalogador de origen | CO-ViMGA |
| Lengua de catalogación | spa |
| Normas de descripción | rda |
| Centro transcriptor | CO-ViMGA |
| 041 0# - CODIGO DE LENGUA | |
| Código de lengua del texto/banda sonora o título independiente | spa |
| 082 04 - NUMERO DE LA CLASIFICACION DECIMAL DEWEY | |
| Número de clasificación (R) | 591.7680986194 R62fa |
| 100 1# - PUNTO DE ACCESO PRINCIPAL-NOMBRE DE PERSONA | |
| Nombre de persona | Abelardo Rodríguez-Bolaños |
| 245 10 - TITULO PROPIAMENTE DICHO | |
| Título | Fauna de los bosques de las cuencas de los ríos Planas y Tillavá, Puerto Gaitán, Meta, Colombia |
| 264 #1 - PRODUCCION, PUBLICACION , DISTRIBUCION, FABRICACION Y COPYRIGHT | |
| Lugar de producción, publicación, distribución, fabricación | Bogotá, Colombia : Cormacarena : Universidad Distrital Francisco José de Caldas, 2015 |
| 300 ## - DESCRIPCION FISICA | |
| Extensión | volumen |
| 336 ## - TIPO DE CONTENIDO | |
| Término de tipo de contenido | text |
| Código de tipo de contenido | txt |
| Fuente | rdacontent |
| 337 ## - TIPO DE MEDIO | |
| Nombre del tipo de medio | unmediated |
| Código del tipo de medio | n |
| Fuente | rdamedia |
| 338 ## - TIPO DE SOPORTE | |
| Nombre del tipo de soporte | volume |
| Código del tipo de soporte | nc |
| Fuente | rdacarrier |
| 940 ## - | |
| T&íacute;tulo uniforme | <a href="idficha_siabuc: 20226. -- ficha_no_siabuc:20571">idficha_siabuc: 20226. -- ficha_no_siabuc:20571</a> |
| Perdido | Estado Físico | No para préstamo | Forma de adquisición | Localización permanente | Localización actual | Localización en estanterías | Fecha adquisición | Signatura completa | Código de barras | Fecha última consulta | Número de copia | Fecha del precio de reemplazo | Tipo de item de Koha | Note pública |
|---|---|---|---|---|---|---|---|---|---|---|---|---|---|---|
| Colección Depósito Legal del Meta | Biblioteca Pública Departamental Eduardo Carranza - Villavicencio | Biblioteca Pública Departamental Eduardo Carranza - Villavicencio | Local Patrimonial | 01/29/2019 | 591.7680986194 R62fa | ECA27321 | 11/25/2024 | Ej.1 | 11/25/2024 | LIbro | 20226 | 26069 |